|
|
|
|
| LEADER |
01030nam a2200301 a 4500 |
| 001 |
000628616 |
| 003 |
CZ BrMZK |
| 005 |
20120227080217.0 |
| 007 |
ta |
| 008 |
021009s2002 xr g j cze d |
| 015 |
|
|
|a cnb001178202
|
| 020 |
|
|
|a 80-7185-508-1
|
| 035 |
|
|
|a (OCoLC)53263790
|
| 040 |
|
|
|a BOA001
|b cze
|
| 072 |
|
7 |
|a 821.162.3-3
|x Česká próza
|2 Konspekt
|9 25
|
| 080 |
|
|
|a 821.162.3-32
|2 MRF
|
| 080 |
|
|
|a (0:82-32)
|2 MRF
|
| 100 |
1 |
|
|a Šabach, Petr,
|d 1951-2017
|7 jn19990201046
|4 aut
|
| 245 |
1 |
0 |
|a Milé děti! /
|c Petr Šabach ; [ilustrace Pavel Štefan]
|
| 250 |
|
|
|a Vyd. 1.
|
| 260 |
|
|
|a Praha :
|b Paseka,
|c 2002
|
| 300 |
|
|
|a 92 s. :
|b il. ;
|c 17 cm
|
| 500 |
|
|
|a Vychází u příležitosti 10. výročí otevření knihkupectví Paseka v České Třebové
|
| 655 |
|
7 |
|a české povídky
|7 fd133971
|2 czenas
|
| 700 |
1 |
|
|a Štefan, Pavel,
|d 1953-
|7 skuk0001362
|4 ill
|
| 910 |
|
|
|a BOA001
|b 1-1107.531
|
| 990 |
|
|
|a BK
|
| 996 |
6 |
|
|b 2610171960
|c 1-1107.531
|l MZK
|r Sklad / do 1 hodiny
|n 2
|p p.v.
|w 000628616
|u 000010
|a 1
|e BOA001
|j MZK50
|s P
|